'The Big Four' Quiz Stats

 Plays Quiz not verified by Sporcle

Score 0/60 Timer 15:00
0 Plays Today
Group Group Member % Correct
US Sports LeaguesNBA
93.1%
US Sports LeaguesNFL
93.1%
US Sports LeaguesNHL
89.7%
US Sports LeaguesMLB
89.7%
US TV NetworksABC
82.8%
US TV NetworksNBC
82.8%
Fashion CitiesNew York City
82.8%
Fashion CitiesParis
82.8%
British Team SportsFootball
79.3%
US TV NetworksFox
75.9%
US TV NetworksCBS
75.9%
Fashion CitiesMilan
75.9%
Allied WWI Powers (Countries)United Kingdom
72.4%
Four Policemen (Post WWII)United Kingdom
72.4%
English Football Teams (2000s)Manchester United
69%
Male Tennis PlayersRoger Federer
69%
Allied WWI Powers (Countries)France
69%
Allied WWI Powers (Countries)United States
69%
Four Policemen (Post WWII)United States
69%
Four Policemen (Post WWII)Soviet Union
69%
Fashion CitiesLondon
69%
English Football Teams (2000s)Arsenal
65.5%
English Football Teams (2000s)Liverpool
62.1%
English Football Teams (2000s)Chelsea
62.1%
Male Tennis PlayersRafael Nadal
62.1%
90s Grunge BandsNirvana
62.1%
British Team SportsCricket
62.1%
Male Tennis PlayersAndy Murray
58.6%
Male Tennis PlayersNovak Djokovic
55.2%
Allied WWI Powers (Countries)Italy
55.2%
Group Group Member % Correct
90s Grunge BandsPearl Jam
51.7%
Japanese Motorcycle Manufacturers Yamaha
51.7%
European Football LeaguesEnglish Premier League
48.3%
Four Policemen (Post WWII)China
48.3%
European Football LeaguesSpanish Liga BBVA
44.8%
90s Britpop BandsOasis
44.8%
Japanese Motorcycle Manufacturers Honda
41.4%
European Football LeaguesGerman Bundesliga
37.9%
90s Britpop BandsBlur
37.9%
Japanese Motorcycle Manufacturers Kawasaki
37.9%
Japanese Motorcycle Manufacturers Suzuki
37.9%
Major WWE EventsWrestleMania
34.5%
90s Grunge BandsSoundgarden
34.5%
British SupermarketsTesco
34.5%
Accounting FirmsErnst & Young
31%
Accounting FirmsKPMG
31%
European Football LeaguesItalian Serie A
27.6%
Major WWE EventsSummerSlam
27.6%
Accounting FirmsPricewaterhouseCoopers
27.6%
90s Britpop BandsPulp
24.1%
90s Britpop BandsSuede
24.1%
British SupermarketsASDA
24.1%
Major WWE EventsRoyal Rumble
20.7%
90s Grunge BandsAlice in Chains
20.7%
Accounting FirmsDeloitte
20.7%
British Team SportsRugby Union
17.2%
British SupermarketsSainsbury's
17.2%
British SupermarketsMorrisons
17.2%
Major WWE EventsSurvivor Series
10.3%
British Team SportsRugby League
10.3%

You're not logged in!

Compare scores with friends on all Sporcle quizzes.
OR
Log In

Sporcle TV

Today on Sporcle TV


Watch our educational content, quiz creation guides, and fun videos on Sporcle TV.

Show Comments

Extras

Created Aug 24, 2017ReportNominate
Tags:four, group

Top Quizzes Today


Score Distribution

Your Account Isn't Verified!

In order to create a playlist on Sporcle, you need to verify the email address you used during registration. Go to your Sporcle Settings to finish the process.

Report this User

Report this user for behavior that violates our Community Guidelines.

Details: